Word Ladder: Threes Quiz Stats

 Plays Quiz Updated Sep 1, 2018

Score 0/36 Timer 04:00
0 Plays Today
Clue 4-Letter Word % Correct
Three blind _____MICE
97.2%
_____ paper scissors gameROCK
97%
Gambling cubesDICE
96.4%
Perform songsSING
95.9%
Corner chess pieceROOK
95.1%
Place to get metal oreMINE
94.6%
Secret Service agent 007BOND
94.5%
Part of skeletonBONE
94.2%
Tom _____ and HarryDICK
94.1%
_____ line and sinkerHOOK
93.5%
_____ cosine and tangentSINE
93%
And then there were ____NONE
92.8%
_____ stock and barrelLOCK
92.6%
_____ silver or bronze medalsGOLD
92%
Kitchen shelf for spicesRACK
91.9%
Be without somethingLACK
91.9%
Grimes on 'The Walking Dead'RICK
91.1%
Three _____ circusRING
90.9%
Clue 4-Letter Word % Correct
Three threes are _____NINE
90.6%
As fake as a three-dollar _____BILL
90.5%
Sun _____ and starsMOON
89.2%
Cut of meat, usually hamHOCK
88.9%
Hard outer layer on baconRIND
87.5%
This is usually paid back with interestLOAN
87.3%
BraveBOLD
84.4%
Bet, raise or _____FOLD
84.1%
Large diving birdLOON
83.8%
Having a liking for as in _____ of good foodFOND
82.9%
Three sheets to the _____WIND
82.8%
_____ women and songWINE
81.2%
Newspaper in GermanyBILD
79.6%
Three bricks short of a _____LOAD
76.7%
Three-legged _____RACE
75.7%
A stick for driving cattleGOAD
75.2%
Older spelling of an old trade groupGILD
69.2%
Quarter of a pintGILL
68.5%

Today's Daily Dose

Missing Word
1940s A-Z

Quick Pick
'S' Athletes

Get the Picture
Depp or Bonham Carter

You're not logged in!

Compare scores with friends on all Sporcle quizzes.
OR
Log In

Sporcle TV

Today on Sporcle TV


Watch our educational content, quiz creation guides, and fun videos on Sporcle TV.

Show Comments

Extras

Top Quizzes Today


Score Distribution

Your Account Isn't Verified!

In order to create a playlist on Sporcle, you need to verify the email address you used during registration. Go to your Sporcle Settings to finish the process.

Report this User

Report this user for behavior that violates our Community Guidelines.

Details: